Plenary lectures and ceremonies
Saved in:
| Main Authors: | , , , |
|---|---|
| Format: | Bog |
| Sprog: | engelsk |
| Udgivet: |
Zurich
European Mathematical Society
2007
|
| Fag: | |
| Tags: |
Tilføj Tag
Ingen Tags, Vær først til at tagge denne postø!
|
MARC
| LEADER | 00000nam a2200000 a 4500 | ||
|---|---|---|---|
| 001 | UCI8986 | ||
| 003 | CL-VaPUC | ||
| 005 | 20230718074443.0 | ||
| 008 | 081016e20070000sz 1 eng d | ||
| 020 | |a 9783037190227 | ||
| 082 | 0 | 4 | |a 510 |b SAN |2 21 |
| 100 | 1 | |a Sanz-Solé, Marta |e author |9 621282 | |
| 700 | 1 | |a Soria, Javier |e author |9 621283 | |
| 700 | 1 | |a Varona, Juan Luis |e author |9 621284 | |
| 700 | 1 | |a Verdera, Joan |e author |9 621285 | |
| 245 | 1 | 0 | |a Plenary lectures and ceremonies |
| 260 | |a Zurich |b European Mathematical Society |c 2007 | ||
| 300 | |a 2 v | ||
| 500 | |a Incluye CD | ||
| 583 | |a last modification |c 20190828 11:11:59 |k Rodrigo Vera | ||
| 650 | 0 | 0 | |a Matemática |9 260235 |
| 650 | 0 | 0 | |a Congresos |9 257560 |
| 942 | |c BK | ||
| 945 | |a rbrito |d 20081016 00:00:00 | ||
| 546 | |a En Inglés | ||
| 536 | |a International Congress of Mathematicians, 1, Madrid, 2006 | ||
| 518 | |p European Mathematical Society | ||
| 999 | |c 384392 |d 384390 | ||
| 952 | |0 0 |1 0 |4 0 |6 510_000000000000000_SAN_2007 |7 0 |8 A |9 507069 |a BIBMAT |b BIBMAT |d 2020-01-23 |h v.1 |i 4489934 |o 510 SAN 2007 |p 4489934 |r 2025-01-07 |w 2020-01-23 |y BK |k MAT | ||